000 00428nam a2200157Ia 4500
008 231217s9999 xx 000 0 und d
041 _aEnglish
082 _a658.3 RAT;1 R
100 _aRathan Reddy, B.
245 0 _aEffective human resource training and development strategy
250 _a2nd rev ed.
260 _c2007
_bHimalaya Publishing
_aNew Delhi
300 _a539
650 _atraining,strategy
942 _cAA
999 _c196955
_d196955